000 00708nam a2200265Ia 4500
005 20260302114803.0
008 008 260114s9999 xx 000 0 eng d
020 _a9781666983746
037 _aTextbook
040 _aCRL
040 _beng
040 _cCRL
041 _2eng
041 _aeng
084 _qCRL
100 _aKimberly K. Dougherty
_91119759
245 0 _aAirpower in Literature Interrogating the Clean War, 1915–2015
260 _bBloomsbury
260 _bLexington Books
260 _c2022
650 _aLiterary Studies
856 _uhttps://doi.org/10.5040/9781666983746?locatt=label:secondary_bloomsburyCollections
942 _cEBOOK
999 _c1683839
_d1683839